<?xml version="1.0" encoding="UTF-8"?>
<record
    xmlns:xsi="http://www.w3.org/2001/XMLSchema-instance"
    xsi:schemaLocation="http://www.loc.gov/MARC21/slim http://www.loc.gov/standards/marcxml/schema/MARC21slim.xsd"
    xmlns="http://www.loc.gov/MARC21/slim">

  <leader>01431    a2200229   4500</leader>
  <controlfield tag="001">54070</controlfield>
  <controlfield tag="005">20260407155811.0</controlfield>
  <controlfield tag="008">260407a1976    arg                 spa d</controlfield>
  <controlfield tag="003">AR-UNSa-BCEJYS</controlfield>
  <datafield tag="040" ind1=" " ind2=" ">
    <subfield code="a">AR-UNSa-BCEJYS</subfield>
    <subfield code="b">spa</subfield>
    <subfield code="c">AR-UNSa-BCEJYS</subfield>
  </datafield>
  <datafield tag="080" ind1=" " ind2=" ">
    <subfield code="a">330.101.541</subfield>
    <subfield code="x">Macroeconom&#xED;a</subfield>
  </datafield>
  <datafield tag="245" ind1="1" ind2="0">
    <subfield code="a">Principios de macroeconom&#xED;a</subfield>
  </datafield>
  <datafield tag="250" ind1=" " ind2=" ">
    <subfield code="a">2a. ed.</subfield>
  </datafield>
  <datafield tag="264" ind1=" " ind2="1">
    <subfield code="a">Buenos Aires :</subfield>
    <subfield code="b">El Ateneo</subfield>
    <subfield code="c">1976</subfield>
  </datafield>
  <datafield tag="300" ind1=" " ind2=" ">
    <subfield code="a">184 p.</subfield>
    <subfield code="c">26 cm.</subfield>
  </datafield>
  <datafield tag="505" ind1=" " ind2=" ">
    <subfield code="a">1. Introducci&#xF3;n a la econom&#xED;a &#x2013; 2. Las decisiones de car&#xE1;cter econ&#xF3;mico en una econom&#xED;a socialista &#x2013; 3. La econom&#xED;a de mercado &#x2013; 4. Oferta y demanda &#x2013; 5. La econom&#xED;a de los Estados Unidos de Am&#xE9;rica &#x2013; 6. Medici&#xF3;n de los ingresos y de la producci&#xF3;n &#x2013; 7. Ingreso Nacional &#x2013; 8. Ingreso, precios y nivel de empleo &#x2013; 9. Fluctuaciones del ingreso nacional &#x2013; 10. Impuestos, presupuestos y pol&#xED;tica fiscal &#x2013; 11. La oferta de dinero y los bancos &#x2013; 12. La pol&#xED;tica monetaria &#x2013; 13. El dinero y el ingreso &#x2013; 14. Alto nivel de empleo y estabilidad de precios &#x2013; 15. El sistema monetario mundial &#x2013; 16. Comercio internacional &#x2013; 17. Comercio y pol&#xED;tica econ&#xF3;mica &#x2013; 18. Razones del crecimiento econ&#xF3;mico &#x2013; 19. El crecimiento econ&#xF3;mico en la actualidad &#x2013; 20. Los pa&#xED;ses de menor desarrollo (PDM).</subfield>
  </datafield>
  <datafield tag="041" ind1=" " ind2=" ">
    <subfield code="a">spa</subfield>
  </datafield>
  <datafield tag="942" ind1=" " ind2=" ">
    <subfield code="c">BK</subfield>
  </datafield>
  <datafield tag="590" ind1=" " ind2=" ">
    <subfield code="a">niveau_biblio:m niveau_hierar:0</subfield>
  </datafield>
  <datafield tag="100" ind1="1" ind2=" ">
    <subfield code="a">Reynolds, Lloyd G.</subfield>
  </datafield>
  <datafield tag="700" ind1="1" ind2=" ">
    <subfield code="a">Michas, Nicholas A.</subfield>
  </datafield>
  <datafield tag="999" ind1=" " ind2=" ">
    <subfield code="c">5338</subfield>
    <subfield code="d">5338</subfield>
  </datafield>
  <datafield tag="952" ind1=" " ind2=" ">
    <subfield code="0">0</subfield>
    <subfield code="1">0</subfield>
    <subfield code="4">0</subfield>
    <subfield code="7">0</subfield>
    <subfield code="a">BCEJYS</subfield>
    <subfield code="b">BCEJYS</subfield>
    <subfield code="c">16</subfield>
    <subfield code="d">2026-04-07</subfield>
    <subfield code="l">0</subfield>
    <subfield code="o">330.101.541 R462 2ed.</subfield>
    <subfield code="p">L33167</subfield>
    <subfield code="r">2026-04-07 15:58:11</subfield>
    <subfield code="w">2026-04-07</subfield>
    <subfield code="y">L</subfield>
  </datafield>
</record>
